Master key to MBA entrance exam 2003 (Record no. 170249)

000 -LEADER
fixed length control field 00374nam a2200133Ia 4500
008 - FIXED-LENGTH DATA ELEMENTS--GENERAL INFORMATION
fixed length control field 220217s9999||||xx |||||||||||||| ||und||
020 ## - INTERNATIONAL STANDARD BOOK NUMBER
International Standard Book Number 81-85623-72-4
082 ## - DEWEY DECIMAL CLASSIFICATION NUMBER
Classification number 001 CHO
100 ## - MAIN ENTRY--PERSONAL NAME
Personal name Chopra, Ravi
9 (RLIN) 2916
245 #0 - TITLE STATEMENT
Title Master key to MBA entrance exam 2003
260 ## - PUBLICATION, DISTRIBUTION, ETC.
Place of publication, distribution, etc. Galgotia publications
Name of publisher, distributor, etc. New Delhi
Date of publication, distribution, etc. 2003
300 ## - PHYSICAL DESCRIPTION
Other physical details 325
650 ## - SUBJECT ADDED ENTRY--TOPICAL TERM
Topical term or geographic name entry element EXAM BOOKS/GRE/CAT/GATE
Holdings
Withdrawn status Lost status Damaged status Not for loan Collection code Home library Current library Shelving location Date acquired Full call number Barcode Date last seen Price effective from Koha item type
        Humanity Science Central Library Central Library Reference 02/18/2022 001 CHO 5438 02/18/2022 02/18/2022 Books

Powered by Koha